00346pab a2200133 454500008004000000100001600040245004400056260000900100300001100109362001200120650001800132650001500150773004700165180718b2009 xxu||||| |||| 00| 0 eng d aAhuja, Y.L. aLeadership challenges and globalization c2009 ap.1-8. aApr-Jun aGlobalization aLeadership aIndian Journal of Training and Development